Statistiques concernant Villes des Pyrénées-Orientales en rébus #2

Cliquez ici pour prendre le quiz!

Statistiques générales

  • Ce quiz a été pris 261 fois
  • Le résultat moyen est 4 sur 10

Réponses sur la Carte

Les réponses sont colorées sur une échelle allant du rouge au vert en fonction du pourcentage des utilisateurs qui les ont devinées à leur premier essai. Vous pouvez retrouver ces pourcentages ci-dessous.
 

Statistiques - réponses

Villes% Correct
Canet-en-Roussillon
83%
Elne
61%
Le {Barcarès}
59%
Saint-Laurent-de-Cerdans
52%
Baho
51%
Opoul
48%
Céret
35%
Saleilles
35%
Le {Soler}
21%
Codalet
2%

Distribution des résultats

Percentile par nombre de réponses

% des personnes avec chaque résultat

Votre développement - résultats

Vous n’avez pas pris ce quiz